000 00313nam a2200133 i 4500
001 bg
100 1 _aZAKRZEWSKA, Janina
245 0 _aWłochy :
_bzarys ustroju /
_cJanina Zakrzweska.
260 _aWrocław,
_c1974.
040 _cBPK
041 _apol
942 _cKS
008 s pl f |000 0 pol
999 _c27250
_d27250
856 _uhttp://koha.tu.koszalin.pl/cgi-bin/koha/opac-detail.pl?biblionumber=27250
_yKatalog online BPK